000 00429nam a22001817a 4500
003 koha_MIRAKIL
005 20231213095535.0
008 231213b |||||||| |||| 00| 0 ||| d
020 _b978-9-75817677-9
040 _aTR-IsEVY
_btur
_cTR-IsEVY
082 _a800 NUN/U
100 _aNUNEZ, MARISA.
245 0 _aUÇUK KAÇIK MISTIK.
260 _bRedhouse,
_c2007
300 _a56.
650 _aEdebiyat.
942 _2ddc
_cBK
999 _c5338
_d5338